| 000 | 01648nam a22002657a 4500 | ||
|---|---|---|---|
| 999 |
_c63746 _d63746 |
||
| 003 | Ge_BSU | ||
| 005 | 20251219194844.0 | ||
| 008 | 251219s2022 ge ||||| |||| 00| 0 geo d | ||
| 020 | _a9789941309892 | ||
| 041 | _ageo | ||
| 080 | _a821.113.5-31 ჰ-26 | ||
| 100 |
_aჰამსუნი, კნუტ _911752 |
||
| 245 |
_aმისტერიები : _b[რომანი] / _cკნუტ ჰამსუნი; თამარ კვიჟინაძის თარგმანი; რედაქტორები: რუსუდან გორგაძე, ნინო ნეკერიშვილი; დიზაინერი ია მახათაძე. |
||
| 264 |
_aთბილისი : _bსულაკაური, _c 2022. |
||
| 300 |
_a442 გვ. ; _b20 სმ. |
||
| 490 |
_aლიტოდისეა / _vსერიის დიზაინერი რუსლან ბერიძე |
||
| 500 | _aყდაზე: რუსლან ბერიძის ილუსტრაცია. | ||
| 653 | _aნორვეგიული პროზა | ||
| 653 | _aნორვეგიული პროზა -- თარგმანები ქართულ ენაზე | ||
| 700 |
_aკვიჟინაძე, თამარ _eმთარგმნელი _911753 |
||
| 700 |
_aგორგაძე, რუსუდან _eრედაქტორი _926569 |
||
| 700 |
_aნეკერიშვილი, ნინო _eრედაქტორი _911754 |
||
| 700 |
_aმახათაძე, ია _eდიზაინერი _95299 |
||
| 942 |
_2udc _cᲬᲘᲒᲜᲘ |
||